|
|
|
|
| LEADER |
03097nam a2200685 a 4500 |
| 001 |
nkc20102127454 |
| 003 |
CZ PrNK |
| 005 |
20111014143310.0 |
| 007 |
ta |
| 008 |
101124s2010 xr a e f 000 0 cze |
| 015 |
|
|
|a cnb002127454
|
| 020 |
|
|
|a 978-80-7318-920-4
|q (brož.)
|
| 035 |
|
|
|a (OCoLC)697264891
|
| 040 |
|
|
|a ABA001
|b cze
|
| 041 |
1 |
|
|a cze
|a eng
|h cze
|
| 043 |
|
|
|a e-xr---
|b e-xr-zl
|2 czenas
|
| 045 |
|
|
|a y0y0
|
| 072 |
|
7 |
|a 378
|x Vysoké školy
|2 Konspekt
|9 22
|
| 080 |
|
|
|a 378
|2 MRF
|
| 080 |
|
|
|a 378.14
|2 MRF
|
| 080 |
|
|
|a 658.8:316.77
|2 MRF
|
| 080 |
|
|
|a 659.1
|2 MRF
|
| 080 |
|
|
|a 37.014.542
|2 MRF
|
| 080 |
|
|
|a (437.323)
|2 MRF
|
| 080 |
|
|
|a (036)
|2 MRF
|
| 245 |
0 |
0 |
|a Přestupná/konečná 2 :
|b Ústav marketingových komunikací, Komunikační agentura 2008/2009 = Department of Marketing Communications, Communication Agency 2008/2009 /
|c [texty Jana Janíková ... et al.]
|
| 246 |
3 |
0 |
|a Ústav marketingových komunikací, Komunikační agentura 2008/2009
|
| 246 |
3 |
0 |
|a Department of Marketing Communications, Communication Agency 2008/2009
|
| 260 |
|
|
|a Zlín :
|b Univerzita Tomáše Bati ve Zlíně, Fakulta multimediálních komunikací,
|c [2010]
|
| 300 |
|
|
|a [48] s. :
|b barev. il. ;
|c 17 x 21 cm
|
| 500 |
|
|
|a Vydáno za účelem prezentace Ústavu marketingových komunikací a studentských projektů Komunikační agentury 2008/2009, Fakulty multimediálních komunikací Univerzity Tomáše Bati ve Zlíně
|
| 500 |
|
|
|a Název z obálky
|
| 500 |
|
|
|a 1400 výt.
|
| 546 |
|
|
|a Souběžný anglický text
|
| 610 |
2 |
7 |
|a Univerzita Tomáše Bati ve Zlíně.
|b Ústav marketingových komunikací
|7 pna2010566068
|2 czenas
|
| 648 |
|
7 |
|a 2001-2010
|7 ch460588
|2 czenas
|
| 648 |
|
7 |
|a 2008-2009
|7 ch967335
|2 czenas
|
| 648 |
|
7 |
|a 21. století
|7 ch460559
|2 czenas
|
| 650 |
0 |
7 |
|a vysoké školy
|7 ph116649
|z Česko
|y 21. století
|2 czenas
|
| 650 |
0 |
7 |
|a vysokoškolské studium
|7 ph127279
|z Česko
|y 21. století
|2 czenas
|
| 650 |
0 |
7 |
|a marketingová komunikace
|7 ph115228
|2 czenas
|
| 650 |
0 |
7 |
|a reklama a propagace
|7 ph116035
|2 czenas
|
| 650 |
0 |
7 |
|a vzdělávací projekty
|7 ph242428
|z Česko
|y 21. století
|2 czenas
|
| 650 |
0 |
9 |
|a universities and colleges
|z Czechia
|y 21st century
|2 eczenas
|
| 650 |
0 |
9 |
|a college study
|z Czechia
|y 21st century
|2 eczenas
|
| 650 |
0 |
9 |
|a communication in marketing
|2 eczenas
|
| 650 |
0 |
9 |
|a advertising
|2 eczenas
|
| 650 |
0 |
9 |
|a educational projects
|z Czechia
|y 21st century
|2 eczenas
|
| 651 |
|
7 |
|a Zlín (Česko)
|7 ge128609
|2 czenas
|
| 651 |
|
9 |
|a Zlín (Czechia)
|2 eczenas
|
| 655 |
|
7 |
|a informační publikace
|7 fd132454
|2 czenas
|
| 655 |
|
9 |
|a information publications
|2 eczenas
|
| 700 |
1 |
|
|a Janíková, Jana,
|d 1960-
|7 mzk2002157045
|4 aut
|
| 710 |
2 |
|
|a Univerzita Tomáše Bati ve Zlíně.
|b Ústav marketingových komunikací
|7 pna2010566068
|
| 710 |
2 |
|
|a Univerzita Tomáše Bati ve Zlíně.
|b Fakulta multimediálních komunikací
|7 kn20020610008
|
| 910 |
2 |
|
|a BOA001
|b 2-1252.832
|
| 990 |
|
|
|a BK
|
| 995 |
|
|
|a 01
|
| 991 |
|
|
|b 201012
|c NOV
|e n
|
| 996 |
6 |
|
|b 2610453602
|c 2-1252.832
|l MZK
|r Sklad / do 1 hodiny
|n 0
|p p.v.
|w 001157050
|u 000010
|a 1
|e BOA001
|j MZK50
|s P
|